ՀՀ Գիտությունների ազգային ակադեմիայի հիմնարար գիտական գրադարան  =   Fundamental Scientific Library of NAS RA

Արցախ : (Record no. 134981)

MARC details
000 -LEADER
fixed length control field 01055nam a2200253 a 4500
001 - CONTROL NUMBER
control field 000352557
003 - CONTROL NUMBER IDENTIFIER
control field AM-YeHGA
005 - DATE AND TIME OF LATEST TRANSACTION
control field 20250618072212.0
008 - FIXED-LENGTH DATA ELEMENTS--GENERAL INFORMATION
fixed length control field 040719s1991 ai a||||r|||||||||0|arm|d
040 ## - CATALOGING SOURCE
Original cataloging agency AM-YeHGA
041 0# - LANGUAGE CODE
Language code of text/sound track or separate title arm
090 ## - LOCALLY ASSIGNED LC-TYPE CALL NUMBER (OCLC); LOCAL CALL NUMBER (RLIN)
-- 136349
100 1# - MAIN ENTRY--PERSONAL NAME
Personal name Մկրտչյան, Շահեն Մակիչի,
Dates associated with a name 1936-2020
9 (RLIN) 9408
245 10 - TITLE STATEMENT
Title Արցախ :
Remainder of title Պատմամշակութային համառոտ ակնարկ /
Statement of responsibility, etc. Շ.Մ. Մկրտչյան ; Խմբ.՝ Ա. Ղահիրյան.
260 ## - PUBLICATION, DISTRIBUTION, ETC.
Place of publication, distribution, etc. Երևան :
Name of publisher, distributor, etc. Դիզակ,
Date of publication, distribution, etc. 1991.
300 ## - PHYSICAL DESCRIPTION
Extent 101 էջ :
Other physical details 5 ներդ. թ. նկ., քարտեզն. ;
Dimensions 17 սմ.
504 ## - BIBLIOGRAPHY, ETC. NOTE
Bibliography, etc. note Տողատ. ծանոթ.` հայ. և ռուս.
650 10 - SUBJECT ADDED ENTRY--TOPICAL TERM
Topical term or geographic name entry element Հայոց պատմություն
650 14 - SUBJECT ADDED ENTRY--TOPICAL TERM
Topical term or geographic name entry element Հայաստանի առանձին վայրերի պատմություն
Geographic subdivision Արցախ
650 14 - SUBJECT ADDED ENTRY--TOPICAL TERM
Topical term or geographic name entry element Պատմամշակութային հուշարձաններ
Geographic subdivision Արցախ
700 1# - ADDED ENTRY--PERSONAL NAME
Personal name Ղահիրյան, Ա.
Relator term խմբ.
Relationship edt
710 2# - ADDED ENTRY--CORPORATE NAME
Corporate name or jurisdiction name as entry element "Դիզակ" հայրենակցական միություն
942 ## - ADDED ENTRY ELEMENTS (KOHA)
Source of classification or shelving scheme Universal Decimal Classification
Koha item type Գրքեր / Books
Holdings
Withdrawn status Lost status Damaged status Not for loan Collection Home library Current library Date acquired Total checkouts Full call number Barcode Date last seen Cost, replacement price Price effective from Koha item type Public note
        General Fundamental Scientific Library Fundamental Scientific Library 22/12/2016   AI/19347 FL0063833 22/12/2016 3.00 22/12/2016 Գրքեր / Books 30 Days Loan


ՀՀ ԳԱԱ հիմնարար գիտական գրադարան
ՀՀ,Երևան 0019
Մարշալ Բաղրամյան 24/6
հեռախոս:(374-10) 52-47-50
Հետադարձ կապ

All site content, except where otherwise noted, is licensed under a
Creative Commons License